Statistics for Rock albums #2

Click here to take the quiz!

General Stats

  • This quiz has been taken 17 times
  • The average score is 6 of 20

Answer Stats

AlbumYear of releaseArtist% Correct
London calling1979The clash
87%
19841984Van Halen
73%
Superunknown1994Soundgarden
47%
Raw power1973The stooges
47%
Orgasmatron1986Motorhead
40%
Songs for the deaf2002Queens of the stone age
40%
Core1992Stone temple pilots
33%
Joy as an Act of Resisance.2018IDLES
27%
CMFT2020Corey Taylor
20%
The real thing1989Faith no more
20%
Clayman2000In flames
20%
How did we get so dark?2017Royal blood
20%
10,000 days2006Tool
20%
War is the answer2009Five finger death punch
13%
...And out comes the Wolves1995Rancid
13%
All killer, no filter2001Sum 41
13%
Libertad2007Velvet revolver
13%
The art of losing2003American hi fi
7%
Happy pills1998Candlebox
7%
A place in the sun1999Lit
7%

Score Distribution

Percentile by Number Answered

Percent of People with Each Score

Your Score History

You have not taken this quiz